Country Shapes Quiz - Statistics

General Stats
  • This quiz has been taken 25 times
  • The average score is 121 of 196
Answer Stats
Picture Answer % Correct
Australia
100%
Canada
100%
Chile
100%
China
100%
Cuba
100%
France
100%
Germany
100%
Iceland
100%
India
100%
Italy
100%
Japan
100%
Norway
100%
Russia
100%
Spain
100%
United Kingdom
100%
United States of America
100%
Austria
94%
Croatia
94%
Cyprus
94%
Denmark
94%
Greece
94%
Indonesia
94%
Mexico
94%
New Zealand
94%
Philippines
94%
Turkey
94%
Vietnam
94%
Argentina
88%
Ireland
88%
Madagascar
88%
Morocco
88%
Netherlands
88%
Panama
88%
Papua New Guinea
88%
Portugal
88%
Sweden
88%
Switzerland
88%
Thailand
88%
Afghanistan
81%
Bangladesh
81%
Brazil
81%
Egypt
81%
Finland
81%
Israel
81%
Laos
81%
Mali
81%
Mongolia
81%
Myanmar
81%
Somalia
81%
South Africa
81%
Sri Lanka
81%
Ukraine
81%
Angola
75%
Benin
75%
Czech Republic
75%
Democratic Republic of the Congo
75%
Eritrea
75%
Gambia
75%
Haiti
75%
Iran
75%
Kazakhstan
75%
Malaysia
75%
Maldives
75%
Mauritania
75%
Mozambique
75%
Namibia
75%
Nicaragua
75%
Pakistan
75%
Peru
75%
Poland
75%
Senegal
75%
South Korea
75%
Sudan
75%
Taiwan
75%
United Arab Emirates
75%
Zambia
75%
Azerbaijan
69%
Bosnia and Herzegovina
69%
Bulgaria
69%
Costa Rica
69%
Gabon
69%
Iraq
69%
Jordan
69%
Kosovo
69%
Libya
69%
Nepal
69%
Romania
69%
Serbia
69%
Tunisia
69%
Uzbekistan
69%
Venezuela
69%
Albania
63%
Algeria
63%
Cameroon
63%
Chad
63%
Colombia
63%
Equatorial Guinea
63%
Georgia
63%
Hungary
63%
Jamaica
63%
Latvia
63%
Malawi
63%
North Korea
63%
Oman
63%
Saudi Arabia
63%
Syria
63%
Trinidad and Tobago
63%
Bahamas
56%
Belarus
56%
Estonia
56%
Ethiopia
56%
Guinea-Bissau
56%
Ivory Coast
56%
Kuwait
56%
Moldova
56%
Monaco
56%
Slovakia
56%
Tajikistan
56%
Yemen
56%
Cape Verde
50%
Central African Republic
50%
Dominican Republic
50%
Ecuador
50%
Ghana
50%
Guyana
50%
Kyrgyzstan
50%
Luxembourg
50%
Malta
50%
Montenegro
50%
Niger
50%
Paraguay
50%
Republic of the Congo
50%
Singapore
50%
Turkmenistan
50%
Vatican City
50%
Belgium
44%
Belize
44%
Bolivia
44%
East Timor
44%
Guatemala
44%
Guinea
44%
Honduras
44%
Kenya
44%
Lebanon
44%
Nigeria
44%
North Macedonia
44%
Qatar
44%
São Tomé and Príncipe
44%
Slovenia
44%
Solomon Islands
44%
Togo
44%
Zimbabwe
44%
Antigua and Barbuda
38%
Brunei
38%
Burkina Faso
38%
Comoros
38%
Djibouti
38%
El Salvador
38%
Liberia
38%
Liechtenstein
38%
Lithuania
38%
Nauru
38%
South Sudan
38%
Tanzania
38%
Armenia
31%
Bahrain
31%
Barbados
31%
Bhutan
31%
Burundi
31%
Cambodia
31%
Fiji
31%
Marshall Islands
31%
Palau
31%
Saint Kitts and Nevis
31%
Samoa
31%
Seychelles
31%
Sierra Leone
31%
St. Vincent and the Grenadines
31%
Tonga
31%
Uruguay
31%
Vanuatu
31%
Andorra
25%
Botswana
25%
Dominica
25%
Eswatini
25%
Grenada
25%
Kiribati
25%
Lesotho
25%
Mauritius
25%
Rwanda
25%
Saint Lucia
25%
San Marino
25%
Tuvalu
25%
Uganda
25%
Suriname
19%
Federation States of Micronesia
13%
No matching quizzes found
Score Distribution
Percent of People with Each Score
Percentile by Number Answered
Your Score History
You have not taken this quiz